• 首页
  • 本馆介绍
  • 公告通知
  • 最新文献
  • 馆藏检索
  • 电子资源
  • 读者导购
  • 参考咨询
  • 我的图书馆
  • 登录
  • 详细信息显示
  • 放入我的书架
  • 预约/预借图书
  • 作者相关作品
  • 分类相关作品
  • 丛书相关作品
  • 出版社相关作品

书目信息

  • 表格格式
  • 工作单格式
  • 卡片格式
题名:
朝鲜族民间故事选
    
 
作者: ;延边民间文学研究会 编
分册:  
出版信息: 上海   上海文艺出版社  1982
页数: 357页
开本: 19cm
丛书名: 少数民族民间9文学丛书
单 册:
中图分类: I276.3
科图分类:
主题词: 民间文学--中国
电子资源:
ISBN:
000 00753nam2 2200253 45
001 0182002599
005 20060914085738.23
010    @dCNY0.99
091    @a10078.3250
100    @a19950607d1982 em y0chiy0121 ea
101 0  @achi
102    @aCN@b310000
105    @ay z 000fy
200 10 @a朝鲜族民间故事选@Achao xian zu min jian gu shi xuan@f延边民间文学研究会编
210    @a上海@c上海文艺出版社@d1982
215    @a357页@d19cm
225 2  @a少数民族民间9文学丛书
410  0 @120010@a357少数民族民间文学丛书
606 0  @a民间文学@x中国
690    @aI276.3
711 02 @a延边民间文学研究会@Ayan bian min jian wen xue yan jiu hui@4编
801  2 @aCN@bNLC@c20060914
801  0 @aCN@b上海图书馆@c20040413
905    @f2@b73563-564@dI276.3@e1
    
    朝鲜族民间故事选/延边民间文学研究会编.-上海:上海文艺出版社,1982
    357页;19cm.-(少数民族民间9文学丛书)
    
    
    ISBN :CNY0.99
    
●
相关链接 在E读中查询图书 在五车中查询图书 在当当中查询图书 在豆瓣中查询图书


正题名:朝鲜族民间故事选     索取号:I276.3/1         预约/预借

序号 登录号 条形码 馆藏地/架位号 状态 备注
1 0073563   000036678   第二借阅区/ [索取号:I276.3/1] 在馆    
2 0073564   202170006   第二借阅区/ [索取号:I276.3/1] 在馆    
3 0073565   000036687   第一样本阅览室/ [索取号:I276.3/1] 在馆    
4 0473624   204736241   密集书库/ [索取号:I276.3/1] 在馆    
唐山师范学院图书馆 欢迎您!
大连网信软件有限公司© 版权所有